| 000 | 00860nam a2200205 i 4500 | ||
|---|---|---|---|
| 001 | 156146 | ||
| 003 | ES-MaACL | ||
| 005 | 20251017063107.0 | ||
| 008 | 020418s1888 sp |||| | spa d | ||
| 040 |
_aCAM _bspa _cCAM |
||
| 100 | 1 |
_aJackson Cortés, Eduardo, _d1826-1890 _9128236 |
|
| 245 | 1 | 0 |
_aAyer y hoy _b: juguete cómico-lírico en un acto y en verso / _coriginal de Eduardo Jackson Cortés; música del maestro Angel Rubio. |
| 260 |
_aMadrid : _b[s.n.], _c1888 ( _fImprenta de M.P. Montoya) |
||
| 300 |
_a32 p. ; _c20 cm. |
||
| 500 | _aEstrenado en el Teatro Martin el 1º de octubre de 1888. | ||
| 596 | _aEn verso de la port. consta: "... Biblioteca Lírico Dramática de Enrique Arregui ..." | ||
| 700 | 0 |
_aRubio, Angel. _9100337 |
|
| 852 |
_aES-MaACL _jF-4677 _z-- Enc. hol. _z-- Enc. en un vol. facticio |
||
| 999 |
_c156146 _d156146 |
||